Statistics for Formula One Races 2012

Click here to take the quiz!

General Stats

  • This quiz has been taken 1,498 times
    (1,497 since last reset)
  • The average score is 18 of 20

Answer Stats

Country% Correct
Australia
97%
Spain
95%
Spain (Grand Prix of Europe)
95%
Brazil
94%
Germany
93%
Italy
93%
China
92%
United Kingdom
91%
USA
91%
Japan
90%
Bahrain
88%
Canada
88%
Monaco
88%
Belgium
87%
Malaysia
85%
Singapore
83%
Hungary
82%
India
82%
Korea
79%
United Arab Emirates
77%

Score Distribution

Percentile by Number Answered

Percent of People with Each Score

Your Score History

You have not taken this quiz since the last reset